Northernmost to Southernmost: Europe - Statistics

General Stats
  • This quiz has been taken 36 times
  • The average score is 41 of 45
Answers on the Map
Answers color-coded by a green-red scale on the quiz's map according to % correct below.
 
Answer Stats
Answer % Correct
Finland
100%
Iceland
100%
Norway
100%
Russia
100%
Sweden
100%
Denmark
97%
Estonia
97%
Latvia
97%
Lithuania
97%
United Kingdom
97%
Belarus
94%
Belgium
94%
Germany
94%
Ireland
94%
Netherlands
94%
Poland
94%
Ukraine
94%
Austria
91%
Czech Republic
91%
France
91%
Hungary
91%
Luxembourg
91%
Moldova
91%
Romania
91%
Slovakia
91%
Switzerland
91%
Bosnia and Herzegovina
88%
Bulgaria
88%
Croatia
88%
Italy
88%
Liechtenstein
88%
Monaco
88%
San Marino
88%
Serbia
88%
Slovenia
88%
Spain
88%
Albania
84%
Andorra
84%
Greece
84%
Kosovo
84%
Malta
84%
Montenegro
84%
North Macedonia
84%
Portugal
84%
Vatican City
84%
No matching quizzes found
Score Distribution
Percent of People with Each Score
Percentile by Number Answered
Your Score History
You have not taken this quiz